000 006750000a22002170004500
001 20832
010 _a972-33-1778-8
100 _a20060512d2004 a y0pory5003 ba
101 0 _apor
102 _aPT
200 1 _aAs minhas piadas favoritas
_fed. Eva Melgar
_gil. José Luis Tellería
_gtrad. Maria Correia
210 _aLisboa
_cEstampa
_d2004
215 _a128 p.
675 _a087.5
_vBN
_zpor
675 _a398.2
_vBN
_zpor
702 1 _931213
_4340
_aMelgar
_bEva
702 _945108
_4440
_aTellería
_bJosé Luis
702 _915224
_4730
_aCorreia
_bMaria
090 _a20832
942 _cMON
_n0
999 _a20832